000 00279nam a2200109Ia 4500
001 1268569
005 20260417145252.0
008 260417s9999 xx 000 0 und d
020 _a9786256910010
245 0 _aMasal Krallığı - Biruni
_cDidem Demirel
260 _bKetebe Çocuk
999 _c1268569
_d1268569